01770nam a2200421 a 4500001001200000003000800012006001900020007001500039008004100054010001700095020002900112020002600141020003000167020002700197020002700224040002100251035002100272043001200293050002300305082001400328100002800342245010100370260006700471300006600538490005000604504006100654533015200715650004800867650004400915651004000959651005000999651004101049651003501090655002901125710001701154830005101171856012601222ebr10697005CaPaEBRm o u cr cn|||||||||101122s2011 enkabf sb 001 0 eng d z 2010049233 z9781845535513 (hardback) z1845535510 (hardback) z9781908049728 (paperback) z1908049723 (paperback) z9781845535520 (e-book) aCaPaEBRcCaPaEBR a(OCoLC)831681782 ae-uk-en14aDA680b.S36 2011eb04a942.12221 aSchofield, John,d1948-10aLondon, 1100-1600h[electronic resource] :bthe archaeology of a capital city /cJohn Schofield. aSheffield [England] ;aOakville, Conn. :bEquinox Pub.,c2011. axii, 324 p., [8] p. of col. plates :bill. (some col.), maps.1 aStudies in the archaeology of medieval Europe aIncludes bibliographical references (282-307) and index. aElectronic reproduction.bPalo Alto, Calif. :cebrary,d2013.nAvailable via World Wide Web.nAccess may be limited to ebrary affiliated libraries. 0aExcavations (Archaeology)zEnglandzLondon. 0aArchaeology, MedievalzEnglandzLondon. 0aLondon (England)xHistoryyTo 1500. 0aLondon (England)xBuildings, structures, etc. 0aLondon (England)xSocial conditions. 0aLondon (England)xAntiquities. 7aElectronic books.2local2 aebrary, Inc. 0aStudies in the archaeology of medieval Europe.40uhttp://site.ebrary.com/lib/rucke/Doc?id=10697005zAn electronic book accessible through the World Wide Web; click to view